<?xml version="1.0" encoding="UTF-8"?>
<record
    xmlns:xsi="http://www.w3.org/2001/XMLSchema-instance"
    xsi:schemaLocation="http://www.loc.gov/MARC21/slim http://www.loc.gov/standards/marcxml/schema/MARC21slim.xsd"
    xmlns="http://www.loc.gov/MARC21/slim">

  <leader>01583nam a2200337Ia 4500</leader>
  <controlfield tag="001">114446</controlfield>
  <controlfield tag="003">DR-UNIBE</controlfield>
  <controlfield tag="005">20260312105843.0</controlfield>
  <controlfield tag="008">260312b2007    dr ||||| |||| 00| 0 spa d</controlfield>
  <datafield tag="020" ind1=" " ind2=" ">
    <subfield code="a">9789945161212</subfield>
  </datafield>
  <datafield tag="040" ind1=" " ind2=" ">
    <subfield code="a">BIBLIOTECA UNIBE</subfield>
    <subfield code="c">BIBLIOTECA UNIBE</subfield>
    <subfield code="b">spa</subfield>
  </datafield>
  <datafield tag="041" ind1=" " ind2=" ">
    <subfield code="a">spa</subfield>
  </datafield>
  <datafield tag="082" ind1="0" ind2=" ">
    <subfield code="a">RD 322.42 P438v 2007</subfield>
  </datafield>
  <datafield tag="100" ind1="1" ind2="0">
    <subfield code="a">P&#xE9;rez Modesto, Rafael, </subfield>
    <subfield code="9">47965</subfield>
    <subfield code="d">1944-</subfield>
    <subfield code="e">autor</subfield>
  </datafield>
  <datafield tag="245" ind1="1" ind2="0">
    <subfield code="a">Vivencias de un guerrillero : </subfield>
    <subfield code="b">testimonio de un combatiente del frente "Juan de Dios Ventura Sim&#xF3;" / </subfield>
    <subfield code="c">Rafael P&#xE9;rez Modesto</subfield>
  </datafield>
  <datafield tag="250" ind1="4" ind2=" ">
    <subfield code="a">Primera edici&#xF3;n</subfield>
  </datafield>
  <datafield tag="260" ind1=" " ind2=" ">
    <subfield code="a">Santo Domingo : </subfield>
    <subfield code="b">[Editor no identificado],</subfield>
    <subfield code="c">2007</subfield>
  </datafield>
  <datafield tag="300" ind1=" " ind2=" ">
    <subfield code="a">184 p&#xE1;ginas :</subfield>
    <subfield code="b">ilustraciones, fotograf&#xED;as (blanco y negro) ;</subfield>
    <subfield code="c">23 cm</subfield>
  </datafield>
  <datafield tag="520" ind1="3" ind2=" ">
    <subfield code="a">P&#xE9;rez Modesto relata en forma sencilla, ver&#xED;dica y con una narrativa limpia las hazanas por la que tuvo que pasar como integrante del Frente Juan de Dios Ventura Sim&#xF3;</subfield>
  </datafield>
  <datafield tag="600" ind1="1" ind2="0">
    <subfield code="a">Trujillo Molina, Rafael Leonidas,</subfield>
    <subfield code="d">1891-1961</subfield>
    <subfield code="9">39608</subfield>
  </datafield>
  <datafield tag="610" ind1="2" ind2="4">
    <subfield code="a">Movimiento Revolucionario 14 de junio (Rep&#xFA;blica Dominicana)</subfield>
    <subfield code="9">203165</subfield>
  </datafield>
  <datafield tag="650" ind1=" " ind2="7">
    <subfield code="a">Movimientos revolucionarios</subfield>
    <subfield code="z">Rep&#xFA;blica Dominicana</subfield>
    <subfield code="2">lemb</subfield>
    <subfield code="9">10455</subfield>
  </datafield>
  <datafield tag="650" ind1=" " ind2="7">
    <subfield code="a">Revolucionarios</subfield>
    <subfield code="z">Rep&#xFA;blica Dominicana</subfield>
    <subfield code="2">lemb</subfield>
    <subfield code="9">10453</subfield>
  </datafield>
  <datafield tag="651" ind1=" " ind2="7">
    <subfield code="2">lemb</subfield>
    <subfield code="a">Rep&#xFA;blica Dominicana</subfield>
    <subfield code="x">Historia, 1961-1965</subfield>
    <subfield code="9">203205</subfield>
  </datafield>
  <datafield tag="700" ind1="1" ind2=" ">
    <subfield code="a">Valenzuela, Edgar</subfield>
    <subfield code="e">cuidado de la edici&#xF3;n</subfield>
    <subfield code="9">48480</subfield>
  </datafield>
  <datafield tag="700" ind1="1" ind2=" ">
    <subfield code="a">Guerrero, Miguel,</subfield>
    <subfield code="d">1945-</subfield>
    <subfield code="e">prologuista</subfield>
    <subfield code="9">31512</subfield>
  </datafield>
  <datafield tag="700" ind1="1" ind2=" ">
    <subfield code="a">Chez Checo, Jos&#xE9;,</subfield>
    <subfield code="d">1949-</subfield>
    <subfield code="e">corrector</subfield>
    <subfield code="9">15500</subfield>
  </datafield>
  <datafield tag="700" ind1="1" ind2=" ">
    <subfield code="a">Balc&#xE1;cer, Juan Daniel,</subfield>
    <subfield code="d">1949-</subfield>
    <subfield code="e">corrector</subfield>
    <subfield code="9">193310</subfield>
  </datafield>
  <datafield tag="942" ind1=" " ind2=" ">
    <subfield code="c">BK</subfield>
    <subfield code="2">ddc</subfield>
  </datafield>
  <datafield tag="951" ind1=" " ind2=" ">
    <subfield code="a">20090813 06:28:30</subfield>
  </datafield>
  <datafield tag="999" ind1=" " ind2=" ">
    <subfield code="c">114446</subfield>
    <subfield code="d">114446</subfield>
  </datafield>
  <datafield tag="952" ind1=" " ind2=" ">
    <subfield code="0">0</subfield>
    <subfield code="1">0</subfield>
    <subfield code="2">ddc</subfield>
    <subfield code="7">0</subfield>
    <subfield code="8">GEN-RD</subfield>
    <subfield code="a">Principal</subfield>
    <subfield code="d">2026-01-12</subfield>
    <subfield code="l">0</subfield>
    <subfield code="o">RD 322.42 P438v 2007</subfield>
    <subfield code="p">260192</subfield>
    <subfield code="r">2026-03-12 11:01:19</subfield>
    <subfield code="t">Ej. 1</subfield>
    <subfield code="w">2026-03-12</subfield>
    <subfield code="y">BK</subfield>
  </datafield>
</record>
